• 首页
  • 本馆介绍
  • 公告通知
  • 最新文献
  • 馆藏检索
  • 电子资源
  • 读者导购
  • 参考咨询
  • 我的图书馆
  • 登录
  • 详细信息显示
  • 放入我的书架
  • 预约/预借图书
  • 作者相关作品
  • 分类相关作品
  • 丛书相关作品
  • 出版社相关作品

书目信息

  • 表格格式
  • 工作单格式
  • 卡片格式
题名:
能量守恒和转化的辩证法
    
 
作者: ;戴上觉 执笔 ;大连红旗造船厂船体车间 编著
分册:  
出版信息: 北京   人民出版社  1978
页数: 89页
开本: 19cm
丛书名:
单 册:
中图分类: N031
科图分类:
主题词: 能量守恒-自然辩证法 , 自然辩证法-能量守恒
电子资源:
ISBN:
000 00784nam0 2200241 45
001 0178001211
005 20060911105643.40
010    @dCNY0.20
091    @a2001.162
100    @a19950725d1978 em y0chiy0121 ea
101 0  @achi
102    @aCN@b110000
105    @ay z 000yy
200 10 @a能量守恒和转化的辩证法@Aneng liang shou heng he zhuan hua de bian zhengfa@f大连红旗造船厂船体车间《自然辩证法》学习小组编著@g戴上觉等执笔
210    @a北京@c人民出版社@d1978
215    @a89页@d19cm
606    @a能量守恒-自然辩证法
606    @a自然辩证法-能量守恒
690    @aN031@v3 
702  0 @a戴上觉@Adai shang jue@4执笔
711 02 @a大连红旗造船厂船体车间@Ada lian hong qi zao chuan chang chuan ti che jian@4编著
801  0 @aCN@bTSSF@c20060911
905    @a10447@dN031@e143
    
    能量守恒和转化的辩证法/大连红旗造船厂船体车间《自然辩证法》学习小组编著/戴上觉等执笔.-北京:人民出版社,1978
    89页;19cm
    
    
    ISBN :CNY0.20
    
●
相关链接 在E读中查询图书 在五车中查询图书 在当当中查询图书 在豆瓣中查询图书


正题名:能量守恒和转化的辩证法     索取号:N031/143         预约/预借

序号 登录号 条形码 馆藏地/架位号 状态 备注
1 0470524   204705248   密集书库/ [索取号:N031/143] 在馆    
唐山师范学院图书馆 欢迎您!
大连网信软件有限公司© 版权所有